[Event "9098 - Open de la Loire "]
[Site "Loire"]
[Date "2007.03.02"]
[Round "4.7"]
[White "Carrot, Axel"]
[Black "Swietlicki, Jordan"]
[Result "1-0"]
[WhiteElo "1530"]
[BlackElo "1199"]
[PlyCount "107"]
[EventDate "2007.??.??"]

1. e4 e5 2. Nf3 Nc6 3. d4 d6 4. dxe5 Be6 5. exd6 Bxd6 6. Nc3 Nf6 7. Bb5 O-O 8.
Bxc6 bxc6 9. e5 Bb4 10. Qxd8 Raxd8 11. exf6 gxf6 12. Bd2 Bc5 13. O-O-O Bxf2 14.
Ne4 Kg7 15. Bc3 Be3+ 16. Kb1 Kg6 17. Nxf6 Bd5 18. Nxd5 cxd5 19. Bd4 Bxd4 20.
Rxd4 c5 21. Rg4+ Kf5 22. Rg5+ Ke4 23. b3 c4 24. Re1+ Kf4 25. h3 c3 26. Ree5 f5
27. a4 d4 28. Rg7 d3 29. cxd3 Rxd3 30. Re1 Rb8 31. Kc2 Rbd8 32. Rc7 Re3 33.
Rxe3 Kxe3 34. Rxc3+ Kf2 35. Rc7 Kxg2 36. Nh4+ Kxh3 37. Nxf5 Rf8 38. Ne3 h5 39.
Rxa7 h4 40. Rd7 Kg3 41. Rd2 h3 42. Rd1 Rf3 43. Kd2 Kf2 44. Rf1+ Kg3 45. Rxf3+
Kxf3 46. Nf1 Kf2 47. Nh2 Kg2 48. a5 Kxh2 49. a6 Kg1 50. a7 h2 51. a8=Q h1=Q 52.
Qxh1+ Kxh1 53. b4 Kg2 54. b5 1-0

[Event "9098 - Open de la Loire "]
[Site "Loire"]
[Date "2007.03.02"]
[Round "4.8"]
[White "Movsisian, Arthur"]
[Black "Trottet, Francois"]
[Result "1-0"]
[WhiteElo "1499"]
[BlackElo "1510"]
[PlyCount "56"]
[EventDate "2007.??.??"]

1. d4 Nf6 2. Nf3 e6 3. Bf4 d5 4. e3 a6 5. Nbd2 c5 6. c4 cxd4 7. Nxd4 Bb4 8.
Qa4+ Nc6 9. Nxc6 Bxd2+ 10. Kxd2 bxc6 11. Qxc6+ Bd7 12. Qb7 Ne4+ 13. Ke1 O-O 14.
cxd5 exd5 15. Qxd5 Nf6 16. Qd2 Qb6 17. Be5 Rfd8 18. Bd3 Qd6 19. b3 Ne4 20. Qb2
Qg6 21. g3 Be6 22. Bc3 Bd5 23. f3 Re8 24. fxe4 Bxe4 25. Bxe4 Qxe4 26. Rf1 Rad8
27. Kf2 Rd5 28. Kg1 Red8 1-0

[Event "9098 - Open de la Loire "]
[Site "Loire"]
[Date "2007.03.02"]
[Round "4.9"]
[White "Muller, Anthony"]
[Black "Megnot, Philippe"]
[Result "1-0"]
[WhiteElo "1199"]
[BlackElo "1440"]
[PlyCount "101"]
[EventDate "2007.??.??"]

1. e4 c5 2. c4 Nc6 3. Nc3 Nf6 4. d3 g6 5. Nf3 d6 6. Be2 Bg7 7. O-O O-O 8. b3
Ng4 9. Bb2 Nge5 10. Qc2 Nxf3+ 11. Bxf3 Nd4 12. Qd1 e5 13. Nd5 Ne6 14. Bg4 Ng5
15. Bxc8 Rxc8 16. f4 Ne6 17. fxe5 dxe5 18. Qf3 Qg5 19. Bc1 Qh4 20. a3 Nd4 21.
Qd1 Rc6 22. b4 b6 23. Be3 Ne6 24. b5 Rd6 25. a4 Nf4 26. Bxf4 exf4 27. Ra2 Be5
28. Raf2 f3 29. g3 Qg5 30. Rxf3 h5 31. Kh1 f5 32. exf5 Rxf5 33. Rxf5 gxf5 34.
Rxf5 Qg7 35. Qxh5 Rg6 36. Ne7+ Qxe7 37. Qxg6+ Bg7 38. Rg5 Qe1+ 39. Kg2 Qe2+ 40.
Kh3 Qf1+ 41. Kh4 Qf7 42. Qxg7+ Qxg7 43. Rxg7+ Kxg7 44. Kg5 Kf7 45. Kf5 Kg7 46.
h4 Kf7 47. h5 Kg7 48. g4 Kh6 49. Kf6 Kh7 50. g5 Kh8 51. g6 1-0

[Event "9098 - Open de la Loire "]
[Site "Loire"]
[Date "2007.03.02"]
[Round "4.10"]
[White "Goudet, Maxence"]
[Black "Minchilli, Franco"]
[Result "0-1"]
[WhiteElo "1470"]
[BlackElo "1770"]
[PlyCount "118"]
[EventDate "2007.??.??"]

1. e4 e5 2. Nf3 Nf6 3. Nc3 Nc6 4. Bc4 Bc5 5. h3 h6 6. d3 d6 7. Qe2 Nd4 8. Nxd4
Bxd4 9. Be3 O-O 10. O-O Be6 11. Bxd4 Bxc4 12. dxc4 exd4 13. Nd5 c6 14. Nxf6+
Qxf6 15. Rad1 Rfe8 16. Rfe1 Re6 17. Qd3 c5 18. c3 dxc3 19. Qxc3 Qxc3 20. bxc3
a6 21. a4 Rae8 22. f3 f5 23. Re2 fxe4 24. Rde1 e3 25. Rb2 R8e7 26. Rb6 Kf7 27.
g3 Kf6 28. Kg2 Kf5 29. Rb2 Re5 30. Rbe2 g5 31. Rd1 Rd7 32. Rd5 Ke6 33. Rxe5+
dxe5 34. Rxe3 Rd2+ 35. Kg1 Kf5 36. Re1 Rd3 37. Rb1 Rxc3 38. Rxb7 Rxc4 39. Rb6
Rxa4 40. Rxh6 Ra3 41. Kf2 e4 42. fxe4+ Kxe4 43. Re6+ Kf5 44. Rc6 $11 Re3 45.
Rxa6 g4 46. h4 Ke4 47. Ra2 c4 48. h5 Rf3+ 49. Kg2 Rf8 50. Ra4 Kd3 51. h6 Rh8
52. Kf2 Rxh6 53. Ra3+ c3 54. Ke1 Rh1+ 55. Kf2 Kd2 56. Ra2+ c2 57. Rxc2+ Kxc2
58. Ke3 Rf1 59. Ke2 Rf3 0-1

[Event "9098 - Open de la Loire "]
[Site "Loire"]
[Date "2007.03.02"]
[Round "4.11"]
[White "Kotur, Sava"]
[Black "Chambosse, Alexis"]
[Result "1-0"]
[WhiteElo "1550"]
[BlackElo "1320"]
[PlyCount "55"]
[EventDate "2007.??.??"]

1. d4 d5 2. Nf3 e6 3. g3 c5 4. c3 Nf6 5. Bg2 Be7 6. O-O b6 7. Ne5 Ba6 8. Re1
O-O 9. c4 Nbd7 10. Qa4 Nxe5 11. dxe5 Bxc4 12. exf6 Bxf6 13. Nd2 b5 14. Qc2 Qa5
15. Nf3 Bxa2 16. Bg5 Bxg5 17. Nxg5 g6 18. b3 h6 19. Nf3 Bxb3 20. Qxb3 Qb6 21.
Qe3 Kh7 22. Ne5 Qc7 23. Rec1 c4 24. Ng4 g5 25. Qd4 a5 26. Qf6 Rh8 27. Qxh6+ Kg8
28. Nf6# 1-0

[Event "9098 - Open de la Loire "]
[Site "Loire"]
[Date "2007.03.02"]
[Round "4.12"]
[White "Gerey, Jean-Pierre"]
[Black "Daillere, Roland"]
[Result "1-0"]
[WhiteElo "1330"]
[BlackElo "1499"]
[PlyCount "111"]
[EventDate "2007.??.??"]

1. e4 e5 2. Nf3 Nc6 3. Bb5 a6 4. Ba4 Nf6 5. d3 d5 6. Nbd2 Bd7 7. O-O Bc5 8.
Bxc6 Bxc6 9. Nxe5 O-O 10. Nxc6 bxc6 11. Re1 Re8 12. e5 Nd7 13. Nf3 Nf8 14. d4
Be7 15. c3 Ne6 16. Be3 c5 17. Qd2 cxd4 18. cxd4 Rb8 19. a3 h6 20. b4 Ng5 21.
Nxg5 Bxg5 22. Bxg5 Qxg5 23. Qxg5 hxg5 24. g3 Re7 25. Re3 Rbe8 26. Rae1 Re6 27.
g4 f5 28. exf6 Rxe3 29. Rxe3 Rxe3 30. fxe3 gxf6 31. Kf2 Kf7 32. h3 Kg6 33. Kf3
Kf7 34. e4 dxe4+ 35. Kxe4 Ke6 36. a4 c6 37. Kd3 Kd5 38. Kc3 Ke4 39. Kc4 Kf4 40.
Kc5 Kg3 41. Kxc6 Kxh3 42. d5 Kxg4 43. d6 f5 44. d7 f4 45. d8=Q f3 46. Qd7+ Kg3
47. Qd6+ Kg2 48. Qd2+ f2 49. Kb6 Kg1 50. Qxg5+ Kf1 51. Qf4 Ke1 52. Qxf2+ Kxf2
53. Kxa6 Ke3 54. b5 Kd4 55. b6 Kc5 56. b7 1-0

[Event "9098 - Open de la Loire "]
[Site "Loire"]
[Date "2007.03.02"]
[Round "4.13"]
[White "Mialon, Franck"]
[Black "Perez, Christian"]
[Result "0-1"]
[WhiteElo "1320"]
[BlackElo "1480"]
[PlyCount "21"]
[EventDate "2007.??.??"]

1. e4 e6 2. d4 d5 3. exd5 exd5 4. Nf3 Nf6 5. Be2 Be7 6. O-O O-O 7. Bg5 b6 8.
Nc3 c6 9. Qd3 Ba6 10. Qd2 Bxe2 11. Nxe2 0-1

[Event "9098 - Open de la Loire "]
[Site "Loire"]
[Date "2007.03.02"]
[Round "4.14"]
[White "Martin, Julien"]
[Black "Geraci, Georges"]
[Result "1-0"]
[WhiteElo "1400"]
[BlackElo "1170"]
[PlyCount "52"]
[EventDate "2007.??.??"]

1. e4 e5 2. Nc3 Nf6 3. d4 Nc6 4. d5 Nd4 5. Nf3 Bb4 6. Nxd4 Nxe4 7. Nde2 Qf6 8.
f3 d6 9. fxe4 O-O 10. a3 Bc5 11. Nf4 exf4 12. Qf3 Qh4+ 13. g3 Qe7 14. Qxf4 Bd7
15. Be3 Bb6 16. Bxb6 cxb6 17. Bb5 Bh3 18. Bf1 Bc8 19. O-O-O a6 20. Qe3 b5 21.
Qd4 Bg4 22. Re1 Bf3 23. Rg1 Rad8 24. Bg2 Qg5+ 25. Kb1 Bg4 26. Qb6 Bc8 1-0

[Event "9098 - Open de la Loire "]
[Site "Loire"]
[Date "2007.03.02"]
[Round "4.15"]
[White "Brachet, Gerard"]
[Black "Desassis, Emmeran"]
[Result "1-0"]
[WhiteElo "1380"]
[BlackElo "1120"]
[PlyCount "59"]
[EventDate "2007.??.??"]

1. d4 d6 2. e4 Bd7 3. d5 c6 4. Nc3 Qc8 5. Nf3 Nf6 6. Be2 g6 7. b3 Bg7 8. Bb2
cxd5 9. exd5 Nxd5 10. Qxd5 Bxc3+ 11. Nd2 Bxb2 12. Rd1 Bc6 13. Qg5 Bxg2 14. Qxg2
Nd7 15. c4 Qc5 16. Qxb7 Rb8 17. Qg2 Qa3 18. O-O Qxa2 19. Qe4 Nc5 20. Qb1 Qa3
21. Nf3 Rxb3 22. Qc2 Rc3 23. Qd2 Ne4 24. Qd5 Nf6 25. Qa8+ Kd7 26. Qxh8 Rc1 27.
Qb8 Qa6 28. Qxb2 Rxd1 29. Rxd1 Qc6 30. Ne5+ 1-0

[Event "9098 - Open de la Loire "]
[Site "Loire"]
[Date "2007.03.02"]
[Round "4.16"]
[White "Choquelle, Jean"]
[Black "Masson, Guillaume"]
[Result "0-1"]
[WhiteElo "1210"]
[BlackElo "1220"]
[PlyCount "69"]
[EventDate "2007.??.??"]

1. e4 e5 2. Nf3 Nc6 3. c3 Nf6 4. d3 Bc5 5. Be3 Bxe3 6. fxe3 d6 7. Be2 Ng4 8.
Qd2 O-O 9. d4 f6 10. d5 Ne7 11. c4 f5 12. Nc3 fxe4 13. Nxe4 Nf5 14. a4 Nfxe3
15. Ra3 Nxg2+ 16. Kd1 Bf5 17. Nfg5 N4e3+ 18. Kc1 Bg4 19. Ne6 Bxe6 20. c5 Bxd5
21. Rxe3 Bxe4 22. Rxe4 dxc5 23. Qc2 Qg5+ 24. Kb1 Ne3 25. Qb3+ c4 26. Bxc4+ Nxc4
27. Qxc4+ Rf7 28. Ree1 Raf8 29. Ref1 Qg6+ 30. Ka2 Kh8 31. Qc5 Qd6 32. Qg1 Qd5+
33. Ka1 Qxh1 34. Qxh1 Rxf1+ 35. Ka2 0-1

[Event "9098 - Open de la Loire "]
[Site "Loire"]
[Date "2007.03.02"]
[Round "4.17"]
[White "Ben Habchi, Nordine"]
[Black "Schlick, Paul"]
[Result "1-0"]
[WhiteElo "1350"]
[BlackElo "1299"]
[PlyCount "43"]
[EventDate "2007.??.??"]

1. e4 e5 2. Nf3 d6 3. d4 Nc6 4. Bc4 Be7 5. Be3 Bg4 6. c3 Bxf3 7. Qxf3 f6 8. Qg4
g6 9. Qe6 Nh6 10. Bxh6 Na5 11. Qf7+ Kd7 12. Be6+ Kc6 13. b4 Nc4 14. Bxc4 a6 15.
Bd5+ Kb6 16. Na3 exd4 17. O-O dxc3 18. Be3+ c5 19. bxc5+ dxc5 20. Rfb1+ Ka7 21.
Bxc5+ Bxc5 22. Qxb7# 1-0

[Event "9098 - Open de la Loire "]
[Site "Loire"]
[Date "2007.03.10"]
[Round "5.1"]
[White "Granger, Thierry"]
[Black "Pendrigh, Robin"]
[Result "1/2-1/2"]
[WhiteElo "1600"]
[BlackElo "1680"]
[PlyCount "118"]
[EventDate "2007.??.??"]

1. d4 Nf6 2. c4 g6 3. Nc3 Bg7 4. e4 d6 5. Nf3 O-O 6. Be2 Nbd7 7. O-O e5 8. d5
Nc5 9. Bd3 Bg4 10. h3 Bxf3 11. Qxf3 Qc8 12. Qe2 Ne8 13. b3 Nxd3 14. Qxd3 f5 15.
Bb2 f4 16. Qf3 Nf6 17. Nb1 g5 18. Nd2 Kf7 19. Rac1 Qd7 20. Qd3 g4 $11 21. hxg4
Qxg4 22. Qh3 Qxh3 23. gxh3 Rg8 24. Kh2 b6 25. Rg1 Nd7 26. Ba3 Bf6 27. Nf3 Rxg1
28. Rxg1 Rg8 29. Rxg8 Kxg8 30. h4 Kg7 31. Kh3 Kg6 32. Kg4 h5+ 33. Kh3 Bd8 34.
Ne1 Nf6 35. f3 Ng8 36. Bc1 Kf7 37. Bd2 Ne7 38. Nc2 a5 39. Be1 Nc8 40. Na3 Na7
41. Nb5 Nxb5 42. cxb5 Ke8 43. Kg2 Kd7 44. Kf1 Kc8 45. Ke2 Kb7 46. Kd3 Kc8 47.
Kc4 Kb7 48. Kc3 Ka7 49. Kb2 Kb7 50. Ka3 Ka7 51. Ka4 Kb7 52. b4 axb4 53. Kxb4
Ka7 54. a4 Kb7 55. a5 Ka7 56. Bf2 Kb7 57. axb6 cxb6 58. Be1 Bc7 59. Kb3 Bd8 $11
1/2-1/2

[Event "9098 - Open de la Loire "]
[Site "Loire"]
[Date "2007.03.10"]
[Round "5.2"]
[White "Gidon, Rene"]
[Black "Furnon, Yannick"]
[Result "1/2-1/2"]
[WhiteElo "1600"]
[BlackElo "1540"]
[PlyCount "97"]
[EventDate "2007.??.??"]

1. e4 c6 2. d4 d5 3. Nc3 dxe4 4. Nxe4 Nd7 5. Nf3 Ngf6 6. Bd3 Nxe4 7. Bxe4 Nf6
8. Bd3 Bg4 9. c3 e6 10. O-O Be7 11. Bf4 O-O 12. Be2 Qb6 13. b3 Rad8 14. Ne5
Bxe2 15. Qxe2 Nd5 16. Bd2 c5 17. c4 Nf6 18. dxc5 Qxc5 19. Nf3 Qf5 20. Be3 b6
21. Rad1 Ng4 22. Nd4 Qe4 23. Nc6 Qxc6 24. Qxg4 Qc7 25. Bh6 Bf6 26. Bf4 Qc5 27.
Qg3 Qa3 28. Bd6 Rxd6 29. Rxd6 Bh4 30. Qd3 Qxa2 31. g3 Be7 32. Rd4 a5 33. h4 h6
34. Qf3 Qa3 35. Rd3 Qa2 36. Rfd1 a4 37. bxa4 Qxa4 38. Qe4 Qc2 39. R1d2 Qc1+ 40.
Kg2 Bb4 41. Rd1 Qc2 42. Qf4 Be7 43. Rd7 Bf6 44. R1d6 Qb2 45. Qd2 Qxd2 46. Rxd2
Rc8 47. Rc2 Bd4 48. Rd2 g6 49. Rd1 1/2-1/2

[Event "9098 - Open de la Loire "]
[Site "Loire"]
[Date "2007.03.10"]
[Round "5.3"]
[White "Movsisian, Arthur"]
[Black "Moleins, Jean-Pierre"]
[Result "1-0"]
[WhiteElo "1499"]
[BlackElo "1750"]
[PlyCount "57"]
[EventDate "2007.??.??"]

1. d4 d5 2. Nf3 Nf6 3. Bf4 Nh5 4. Bd2 Nc6 5. a3 Bg4 6. e3 e5 7. h3 Bxf3 8. Qxf3
g6 9. Bb5 e4 10. Qd1 Bd6 11. c4 Qg5 12. Qg4 Qxg4 13. hxg4 Nf6 14. c5 Be7 15.
Bxc6+ bxc6 16. f3 O-O 17. Ke2 h5 18. gxh5 Nxh5 19. Be1 Rab8 20. b4 exf3+ 21.
gxf3 Rfe8 22. Kd2 Bf6 23. Nc3 Ng7 24. Bf2 a5 25. b5 cxb5 26. Nxd5 Bd8 27. Bg3
Rc8 28. Rh3 c6 29. Rah1 1-0

[Event "9098 - Open de la Loire "]
[Site "Loire"]
[Date "2007.03.10"]
[Round "5.4"]
[White "Muller, Anthony"]
[Black "Carrot, Axel"]
[Result "1-0"]
[WhiteElo "1199"]
[BlackElo "1530"]
[PlyCount "63"]
[EventDate "2007.??.??"]

1. e4 e5 2. Nf3 Nc6 3. Bc4 Bc5 4. d3 d6 5. h3 h6 6. O-O Nf6 7. c3 Qe7 8. a4 a6
9. b4 Ba7 10. b5 Na5 11. Bb3 Nxb3 12. Qxb3 Be6 13. Qb2 O-O 14. c4 Qd7 15. Nbd2
Nh5 16. Nb3 axb5 17. axb5 c6 18. bxc6 bxc6 19. Qc2 d5 20. Nxe5 Qd6 21. Bb2 f6
22. Nf3 dxc4 23. dxc4 Qc7 24. Nbd4 Bd7 25. Nh4 Rfd8 26. Rfd1 Qc8 27. Ndf5 Bxf5
28. Nxf5 Rxd1+ 29. Qxd1 Nf4 30. Ne7+ Kf7 31. Nxc8 Rxc8 32. Rxa7+ 1-0

[Event "9098 - Open de la Loire "]
[Site "Loire"]
[Date "2007.03.10"]
[Round "5.5"]
[White "Gregoire, Patrick"]
[Black "Pommier, Laurent"]
[Result "1/2-1/2"]
[WhiteElo "1580"]
[BlackElo "1860"]
[PlyCount "63"]
[EventDate "2007.??.??"]

1. e4 e5 2. Nf3 d6 3. d4 exd4 4. Nxd4 Be7 5. Bc4 Nf6 6. Nc3 O-O 7. O-O Nbd7 8.
Re1 Ne5 9. Bd3 Nxd3 10. Qxd3 Ng4 11. Nf3 Bf6 12. Bf4 Re8 13. Rab1 b6 14. Nd5
Be5 15. Nxe5 dxe5 16. Bg3 c6 17. Nb4 Qxd3 18. Nxd3 f6 19. Rbd1 Be6 20. Nb4 c5
21. Nd5 Bxd5 22. Rxd5 Rad8 23. Red1 Rxd5 24. Rxd5 Kf7 25. c4 Nh6 26. f3 Ke6 27.
Be1 Nf7 28. b3 Nd6 29. a4 Nb7 30. h4 h5 31. Kf2 Nd8 32. b4 1/2-1/2

[Event "9098 - Open de la Loire "]
[Site "Loire"]
[Date "2007.03.10"]
[Round "5.6"]
[White "Minchilli, Franco"]
[Black "Gregoire, Michele"]
[Result "1-0"]
[WhiteElo "1770"]
[BlackElo "1500"]
[PlyCount "98"]
[EventDate "2007.??.??"]

1. d4 d5 2. e3 e6 3. f4 Nf6 4. Nf3 Nc6 5. Bd2 a6 6. a3 b5 7. Bd3 Be7 8. O-O Ne4
9. Nc3 f5 10. Be1 Bf6 11. Nd2 Qe7 12. Rf3 Bd7 13. Rh3 g5 14. fxg5 Bxg5 15. Qh5+
Qf7 16. Qxf7+ Kxf7 17. Be2 Bxe3+ 18. Rxe3 Nxd4 19. Bh5+ Ke7 20. Ndxe4 dxe4 21.
Rc1 Be8 22. Bh4+ Kd7 23. Bxe8+ Raxe8 24. Rd1 c5 25. Ne2 Kc6 26. Nxd4+ cxd4 27.
Rxd4 h5 28. Rc3+ Kb6 29. Rd6+ Kb7 30. Bf2 f4 31. Rd7+ Kb8 32. Bd4 Rd8 33. Be5+
Ka8 34. Rxd8+ Rxd8 35. Bxf4 Kb7 36. Kf2 Rf8 37. Ke3 Rg8 38. g3 Rd8 39. Kxe4 Rd1
40. Ke5 Re1+ 41. Kd6 Re2 42. h4 a5 43. Rc7+ Kb6 44. b3 b4 45. Rc6+ Kb7 46. axb4
axb4 47. Rc4 e5 48. Rxb4+ Ka6 49. Bxe5 Rxc2 1-0

[Event "9098 - Open de la Loire "]
[Site "Loire"]
[Date "2007.03.10"]
[Round "5.7"]
[White "Moleins, Adrien"]
[Black "Volay, Pascal"]
[Result "1-0"]
[WhiteElo "1720"]
[BlackElo "1390"]
[PlyCount "69"]
[EventDate "2007.??.??"]

1. e4 e5 2. Nf3 Nc6 3. Bc4 Bc5 4. d4 Bxd4 5. O-O d6 6. Nxd4 Nxd4 7. f4 Nc6 8.
Bxf7+ Ke7 9. fxe5 dxe5 10. Bxg8 Qxd1 11. Bg5+ Kd6 12. Rxd1+ Kc5 13. Rd5+ Kb6
14. Bf7 Rf8 15. Bh5 Nd4 16. Na3 g6 17. Nc4+ Kc6 18. Nxe5+ Kb6 19. Bd1 c5 20.
Bd8+ Ka6 21. Be7 Re8 22. Bxc5 b6 23. Bxd4 Re6 24. Be2+ Kb7 25. Rf1 Re7 26. Nf7
Bd7 27. Be5 Rf8 28. Bd6 Re6 29. Bg4 Rxd6 30. Nxd6+ Kc7 31. Rf7 Rd8 32. Nb5+ Kc6
33. Bxd7+ Rxd7 34. Nd4+ Kc7 35. Rdxd7+ 1-0

[Event "9098 - Open de la Loire "]
[Site "Loire"]
[Date "2007.03.10"]
[Round "5.8"]
[White "Doucet, Medhi"]
[Black "Martin, Julien"]
[Result "1-0"]
[WhiteElo "1630"]
[BlackElo "1400"]
[PlyCount "102"]
[EventDate "2007.??.??"]

1. c4 e5 2. Nc3 Nf6 3. e4 Nc6 4. d3 Bb4 5. a3 Bxc3+ 6. bxc3 O-O 7. Nf3 d6 8.
Be2 Ne7 9. Bg5 Nh5 10. Nxe5 dxe5 11. Bxh5 f6 12. Be3 c6 13. O-O b6 14. Be2 Qe8
15. Qb3 Be6 16. Qd1 c5 17. Bf3 Rd8 18. Qc2 Bd7 19. a4 Qg6 20. Qd1 Bh3 21. Qe2
f5 22. Rfd1 fxe4 23. Bxe4 Qg4 24. Qxg4 Bxg4 25. f3 Bf5 26. Bg5 Rde8 27. a5 Bxe4
28. fxe4 Nc6 29. axb6 axb6 30. Ra6 Rb8 31. Rb1 h6 32. Be3 Rf6 33. h3 Ne7 34.
Bxc5 Ng6 35. Rbxb6 Rfxb6 36. Rxb6 Rxb6 37. Bxb6 Nf4 38. Bc7 Nxd3 39. Kf1 Nc5
40. Ke2 Nxe4 41. Bxe5 Kf7 42. Ke3 Nc5 43. Bd4 Nd7 44. c5 Nb8 45. Ke4 g6 46. Kd5
Ke7 47. Be3 h5 48. Bf4 Na6 49. Kc6 Ke6 50. Kb5 Kd5 51. Bd6 Nxc5 1-0

[Event "9098 - Open de la Loire "]
[Site "Loire"]
[Date "2007.03.10"]
[Round "5.9"]
[White "Swietlicki, Jordan"]
[Black "Kotur, Sava"]
[Result "0-1"]
[WhiteElo "1199"]
[BlackElo "1550"]
[PlyCount "72"]
[EventDate "2007.??.??"]

1. e4 d5 2. Nc3 dxe4 3. Nxe4 Nd7 4. d3 Ngf6 5. Nxf6+ Nxf6 6. Nf3 e6 7. h3 Be7
8. Be2 O-O 9. O-O Bd7 10. Bd2 Nd5 11. d4 Bd6 12. c4 Nf4 13. c5 Nxe2+ 14. Qxe2
Be7 15. b4 a6 16. a4 Qe8 17. a5 Bb5 18. Qe3 Bxf1 19. Rxf1 Qc6 20. Ne5 Qd5 21.
Nd3 Rad8 22. Bc3 Bf6 23. Ne5 h6 24. f4 Bxe5 25. fxe5 Qd7 26. Be1 Qxd4 27. Bf2
Qxe3 28. Bxe3 Rd5 29. Bf4 Rfd8 30. Rf3 Rd4 31. Be3 Rxb4 32. Kh2 Rb5 33. h4 Rd5
34. Rg3 Kh7 35. Rg4 Rxa5 36. Bd4 Ra4 0-1

[Event "9098 - Open de la Loire "]
[Site "Loire"]
[Date "2007.03.10"]
[Round "5.10"]
[White "Trottet, Francois"]
[Black "Brachet, Gerard"]
[Result "1/2-1/2"]
[WhiteElo "1510"]
[BlackElo "1380"]
[PlyCount "62"]
[EventDate "2007.??.??"]

1. e4 e5 2. Nf3 Nc6 3. Nc3 Bc5 4. Bb5 d6 5. Nd5 Bd7 6. c3 a6 7. Ba4 b5 8. Bb3
b4 9. O-O a5 10. d4 exd4 11. cxd4 Ba7 12. Bg5 Nge7 13. Nxe7 Nxe7 14. e5 O-O 15.
Re1 Be6 16. Bxe7 Qxe7 17. exd6 Qxd6 18. d5 Bg4 19. Qd3 Rad8 20. Ne5 f5 21. Nc6
Bxf2+ 22. Kxf2 Rde8 23. Re5 Rxe5 24. Nxe5 Qxe5 25. d6+ Kh8 26. dxc7 Qxb2+ 27.
Kg3 Qe5+ 28. Kf2 Qc5+ 29. Kf1 Qxc7 30. Re1 Qxh2 31. Kf2 Qh6 1/2-1/2

[Event "9098 - Open de la Loire "]
[Site "Loire"]
[Date "2007.03.10"]
[Round "5.11"]
[White "Perez, Christian"]
[Black "Gerey, Jean-Pierre"]
[Result "1-0"]
[WhiteElo "1480"]
[BlackElo "1330"]
[PlyCount "115"]
[EventDate "2007.??.??"]

1. e4 e5 2. Nf3 Nc6 3. Bb5 a6 4. Ba4 b5 5. Bb3 Nf6 6. O-O Be7 7. Re1 O-O 8. c3
Bb7 9. Bc2 d5 10. d4 dxe4 11. Bxe4 Nxe4 12. Rxe4 Qd5 13. Re1 e4 14. Nfd2 Rfe8
15. Nxe4 Bf8 16. f3 Rad8 17. Bf4 Bd6 18. Nxd6 cxd6 19. Bg3 Re7 20. Rxe7 Nxe7
21. Nd2 Re8 22. Ne4 Nf5 23. Bf2 Qe6 24. Qd3 Bxe4 25. fxe4 Qxe4 26. Qxe4 Rxe4
27. Re1 Rxe1+ 28. Bxe1 d5 29. Kf2 Nd6 30. Bd2 Nc4 31. Bc1 Kf8 32. b3 Nd6 33.
Ba3 Ke7 34. Bxd6+ Kxd6 35. Ke3 f5 36. Kd3 g5 37. c4 dxc4+ 38. bxc4 bxc4+ 39.
Kxc4 h5 40. a4 f4 41. d5 g4 42. Kd4 f3 43. gxf3 gxf3 44. Ke3 f2 45. Kxf2 Kxd5
46. Kg3 Kc4 47. Kh4 Kb4 48. Kxh5 Kxa4 49. h4 a5 50. Kg5 Kb3 51. h5 a4 52. h6 a3
53. h7 a2 54. h8=Q Kc2 55. Qa1 Kb3 56. Kf5 Ka3 57. Ke4 Kb3 58. Kd3 1-0

[Event "9098 - Open de la Loire "]
[Site "Loire"]
[Date "2007.03.10"]
[Round "5.12"]
[White "Megnot, Philippe"]
[Black "Paratcha, Yohan"]
[Result "0-1"]
[WhiteElo "1440"]
[BlackElo "1320"]
[PlyCount "108"]
[EventDate "2007.??.??"]

1. d4 c6 2. Nf3 d5 3. h3 Nf6 4. Bg5 Nbd7 5. e3 Ne4 6. Bh4 Qb6 7. Qc1 f6 8. Bd3
e5 9. c3 Bd6 10. Nbd2 Nxd2 11. Nxd2 e4 12. Be2 O-O 13. O-O f5 14. Bg3 f4 15.
exf4 Bxf4 16. Bxf4 Rxf4 17. Nc4 Qc7 18. Ne5 Rf6 19. Qg5 Nb6 20. f4 Bf5 21. Qh4
c5 22. Rac1 Rc8 23. Bg4 Nc4 24. Bxf5 Rxf5 25. b3 Nxe5 26. fxe5 Rxf1+ 27. Rxf1
cxd4 28. cxd4 Qc3 29. e6 Qxd4+ 30. Kh1 Qe5 31. Qe7 h6 32. Qf7+ Kh7 33. Qd7 Rb8
34. e7 e3 35. Qf5+ Qxf5 36. Rxf5 Re8 37. Re5 d4 38. Kg1 Kg6 39. Kf1 Kf6 40. Re4
Kf5 41. Rxd4 Rxe7 42. Ke2 g5 43. g3 h5 44. a4 g4 45. h4 b6 46. b4 Re4 47. Rxe4
Kxe4 48. b5 Kd4 49. Ke1 Kd3 50. Kd1 Ke4 51. Ke2 Kd4 52. Kd1 Kd3 53. Ke1 e2 54.
Kf2 Kd2 0-1

[Event "9098 - Open de la Loire "]
[Site "Loire"]
[Date "2007.03.10"]
[Round "5.13"]
[White "Masson, Guillaume"]
[Black "Goudet, Maxence"]
[Result "0-1"]
[WhiteElo "1220"]
[BlackElo "1470"]
[PlyCount "38"]
[EventDate "2007.??.??"]

1. e4 e5 2. Nf3 Nc6 3. d4 exd4 4. Nxd4 Nxd4 5. Qxd4 d6 6. Nc3 Nf6 7. Bc4 Be7 8.
Bf4 Be6 9. O-O-O Bxc4 10. Qxc4 O-O 11. Rhe1 Nh5 12. e5 Nxf4 13. Qxf4 Bg5 14.
Qxg5 Qxg5+ 15. Kb1 dxe5 16. Rd5 Rfe8 17. Nb5 c6 18. Nc7 cxd5 19. Nxa8 Rxa8 0-1

[Event "9098 - Open de la Loire "]
[Site "Loire"]
[Date "2007.03.10"]
[Round "5.14"]
[White "Chambosse, Alexis"]
[Black "Joly, Christian"]
[Result "0-1"]
[WhiteElo "1320"]
[BlackElo "1610"]
[PlyCount "86"]
[EventDate "2007.??.??"]

1. e4 g6 2. Nf3 Bg7 3. e5 d6 4. d4 Nc6 5. Bf4 dxe5 6. Nxe5 Qxd4 7. Qxd4 Nxd4 8.
Na3 Bf5 9. O-O-O c5 10. Bd3 Bxd3 11. Rxd3 Ne2+ 12. Kb1 Nxf4 13. Re3 Nh6 14. g3
Nd5 15. Re2 Rd8 16. Rhe1 Nf5 17. g4 Nd4 18. Re4 e6 19. c3 Bxe5 20. cxd4 Bxd4
21. f3 O-O 22. Nb5 Nf6 23. R4e2 a6 24. Na3 Rc8 25. Nc4 b5 26. Nd6 Rc6 27. Ne4
Nxe4 28. Rxe4 Rd8 29. Rd1 Rcd6 30. a3 a5 31. h4 Bg7 32. Rc1 c4 33. Ree1 Rd2 34.
Rc2 R2d4 35. f4 Rd1+ 36. Rxd1 Rxd1+ 37. Ka2 f5 38. gxf5 exf5 39. Re2 Kf7 40.
Re3 Rd2 41. a4 Rxb2+ 42. Ka1 Re2+ 43. Kb1 Rxe3 0-1

[Event "9098 - Open de la Loire "]
[Site "Loire"]
[Date "2007.03.10"]
[Round "5.15"]
[White "Daillere, Roland"]
[Black "Choquelle, Jean"]
[Result "1-0"]
[WhiteElo "1499"]
[BlackElo "1210"]
[PlyCount "49"]
[EventDate "2007.??.??"]

1. e4 e5 2. Nf3 d6 3. d4 Nd7 4. Bb5 Ngf6 5. Bg5 Be7 6. Nc3 O-O 7. O-O c6 8. Ba4
b5 9. Bb3 Qb6 10. Be3 Qb8 11. a3 Ba6 12. Re1 d5 13. dxe5 Nxe5 14. Bf4 Bd6 15.
Nxe5 Bxe5 16. Bxe5 Qxe5 17. exd5 Qg5 18. Ne4 Nxe4 19. Rxe4 c5 20. c3 c4 21. Bc2
Bb7 22. Rg4 Qf6 23. Qd2 Rad8 24. Qd4 Qh6 25. Rh4 1-0

[Event "9098 - Open de la Loire "]
[Site "Loire"]
[Date "2007.03.10"]
[Round "5.16"]
[White "Rogues, Jean-Luc"]
[Black "Veyrat, Gerard"]
[Result "1-0"]
[WhiteElo "1410"]
[BlackElo "1200"]
[PlyCount "73"]
[EventDate "2007.??.??"]

1. d4 d5 2. c4 Nf6 3. Nc3 e6 4. Bg5 Be7 5. e3 O-O 6. Bd3 Nc6 7. a3 e5 8. dxe5
Nxe5 9. Bxf6 Bxf6 10. Nxd5 Nxd3+ 11. Qxd3 Bxb2 12. Rb1 Bf6 13. Nf3 c6 14. Nxf6+
Kh8 15. Qxd8 Rxd8 16. Ne4 Bf5 17. Nfd2 b6 18. Rd1 Rd7 19. O-O Rad8 20. f3 Bg6
21. Rf2 f5 22. Ng5 a5 23. Ne6 Re7 24. Nxd8 Rxe3 25. Nxc6 Rxa3 26. Ne5 Be8 27.
Rc1 g6 28. Nf1 a4 29. Rb1 h5 30. Rxb6 Kg7 31. c5 Ra2 32. c6 Bxc6 33. Nxc6 a3
34. Nb4 Rb2 35. Ra6 a2 36. Rxa2 Rxa2 37. Nxa2 1-0

[Event "9098 - Open de la Loire "]
[Site "Loire"]
[Date "2007.03.10"]
[Round "5.17"]
[White "Mialon, Franck"]
[Black "Ben Habchi, Nordine"]
[Result "1/2-1/2"]
[WhiteElo "1320"]
[BlackElo "1350"]
[PlyCount "90"]
[EventDate "2007.??.??"]

1. e4 c5 2. d4 Nc6 3. dxc5 Qa5+ 4. Bd2 Qxc5 5. Nf3 Nf6 6. Bd3 e5 7. O-O a6 8.
a3 b5 9. Bb4 Nxb4 10. axb4 Qc7 11. Bxb5 Qd6 12. Qe2 Bb7 13. Bd3 Be7 14. Na3 O-O
15. c3 Rfd8 16. Nc4 Qc7 17. Ncxe5 d5 18. exd5 Nxd5 19. Qe4 Nf6 20. Qe3 Bxf3 21.
Nxf3 Bd6 22. g3 Ng4 23. Bxh7+ Kf8 24. Qg5 Nf6 25. Qh4 Re8 26. Bc2 Ke7 27. Rfe1+
Kd8 28. Rxe8+ Kxe8 29. Qh8+ Bf8 30. Re1+ Kd7 31. Ne5+ Kd6 32. Bb3 Qb6 33. Nxf7+
Kd7 34. Be6+ Kc6 35. Ne5+ Kc7 36. Qh4 Qxe6 37. Qf4 Kb7 38. Qf3+ Kb8 39. Nc6+
Qxc6 40. Qxc6 a5 41. bxa5 Ra7 42. a6 Rc7 43. Qb6+ Kc8 44. a7 Rxa7 45. Qxa7 g5
1/2-1/2